[Event "Preinscritos IRT Online"]
[Site "Chess.com INT"]
[Date "2020.12.26"]
[Round "7"]
[White "Cuaical Benavides, Dana Mirtha"]
[Black "Litardo Suarez, Wendy Daniela"]
[Result "1-0"]
[WhiteElo "892"]
[BlackElo "561"]
[PlyCount "23"]
[EventDate "2020.12.26"]
[EventType "swiss"]
[EventRounds "11"]
[EventCountry "ECU"]
[SourceTitle "CBM 200 Extra"]
[Source "ChessBase"]
[SourceDate "2021.03.31"]
[SourceVersion "1"]
[SourceVersionDate "2021.03.31"]
[SourceQuality "1"]

1. e4 e5 2. Nc3 Nf6 3. Qf3 Nc6 4. Bc4 g6 5. Nh3 Bg7 6. g4 Nd4 7. Qd3 Nxg4 8. Rg1 Nxh2 9. Bxf7+ Kxf7 10. Ng5+ Kg8 11. Qc4+ Kf8 12. Qf7# 1-0

[Event "Preinscritos IRT Online"]
[Site "Chess.com INT"]
[Date "2020.12.26"]
[Round "5"]
[White "Krishan Rani, Tanish Aditya"]
[Black "Litardo Suarez, Wendy Daniela"]
[Result "1-0"]
[WhiteElo "1159"]
[BlackElo "561"]
[PlyCount "55"]
[EventDate "2020.12.26"]
[EventType "swiss"]
[EventRounds "11"]
[EventCountry "ECU"]
[SourceTitle "CBM 200 Extra"]
[Source "ChessBase"]
[SourceDate "2021.03.31"]
[SourceVersion "1"]
[SourceVersionDate "2021.03.31"]
[SourceQuality "1"]

1. d4 d5 2. Bg5 Nc6 3. f4 h6 4. Bh4 Nf6 5. e3 g5 6. Bg3 Ne4 7. Nc3 Nxg3 8. hxg3 gxf4 9. gxf4 Rg8 10. Nf3 Bg4 11. Be2 Qd7 12. Ne5 Bf5 13. Nxd7 Bxd7 14. Qd3 0-0-0 15. Nb5 Kb8 16. a4 Nb4 17. Qb3 e6 18. a5 c6 19. Nc3 c5 20. dxc5 Bxc5 21. Ra4 Nc6 22. Ba6 b6 23. axb6 axb6 24. Ra3 Na5 25. Qa2 Bxe3 26. Rxa5 Rxg2 27. Qb3 Bf2+ 28. Kf1 1-0